000 00157nam a2200073Ia 4500
008 170620s9999 xx 000 0 und d
100 _aSehgal
245 0 _aWORK EXPERIENCE
260 _bAPH PU
999 _c26351
_d26351